000 01073cam a2200361 4500
001 M1691
008 090401t1994 xxu||||| |||| 00| 0 eng d
035 _a(Sirsi) u33770
041 _aeng
050 _a333.335
090 _aRICS 1994/83ABCD
110 _aRoyal Institution of Chartered Surveyors
_94900
245 _aRICS Rural Market Panel customer needs research: tabulated data.
260 _aLondon
_bConsensus Research International
_c1994
300 _a(97)p. ; 30cm.
350 _a0
520 _aPrepared for the RICS Rural Market Panel November 1994. For main report see RICS 1994/82.
650 _aAGRICULTURE
650 _aABOUT RICS-RICS MEMBERS
650 _aCUSTOMER NEEDS
650 _aFARM LAND
650 _aPROFESSIONAL SERVICES
650 _aProperty management
_96262
650 _aRURAL AREAS
650 _aRURAL MARKET PANEL
650 _aRURAL PROPERTY
650 _aSURVEYS
650 _aTABLES
690 _aRURAL PRACTICE
710 _aConsensus Research International
_91961
942 _n0
948 _c04/03/1997
999 _c89848
_d89848